000 00543nam a2200205Ia 4500
003 OSt
005 20241226105247.0
008 210324s9999||||xx |||||||||||||| ||und||
040 _cSTCPL
041 _aHIN
082 _aH08
_bBHA-P
100 _aBhushan, Bharat
_qभारत भूषण
245 0 _aPrasangvash /
_cby Bharat Bhushan
_hप्रसंगवश
260 _aDelhi :
_bRajkamal Prakashan ,
_c1970 .
300 _a122 p.
_bHB
650 _aHindi literature
650 _aCollection
942 _cBK
942 _2ddc
_n0
999 _c23388
_d23388